[Event "Skopje op"]
[Site "Skopje"]
[Date "2023.12.09"]
[Round "5"]
[White "Djuric, Stefan"]
[Black "Kelmendi, Arsim"]
[Result "1-0"]
[WhiteElo "2221"]
[BlackElo "2061"]
[PlyCount "69"]
[EventDate "2023.12.06"]
[EventType "swiss"]
[EventRounds "9"]
[EventCountry "MKD"]
[SourceTitle "CB50_2023"]
[SourceDate "2023.12.13"]
[SourceVersion "1"]
[SourceVersionDate "2023.12.13"]
[SourceQuality "1"]

1. d4 Nf6 2. Nf3 d5 3. c4 e6 4. Bg5 Be7 5. Nc3 c6 6. e3 0-0 7. Bd3 dxc4 8. Bxc4 Nbd7 9. 0-0 Nd5 10. Bxe7 Qxe7 11. Ne4 h6 12. Rc1 Rd8 13. a3 a5 14. Qc2 b6 15. Ba2 Bb7 16. Bb1 f5 17. Ng3 c5 18. e4 fxe4 19. Qxe4 N7f6 20. Qh4 Nd7 21. Qe4 N7f6 22. Qh4 Nd7 23. dxc5 Nxc5 24. Qxe7 Nxe7 25. Ne5 Nd5 26. Nh5 Ba6 27. Rfe1 Rac8 28. h4 Na4 29. Bg6 Nf6 30. Nf4 Rxc1 31. Rxc1 Bc8 32. Nc6 Rd7 33. Ne7+ Rxe7 34. Rxc8+ Ne8 35. Bxe8 1-0

[Event "Skopje op"]
[Site "Skopje"]
[Date "2023.12.08"]
[Round "3"]
[White "Veljanoski, Andrej"]
[Black "Kelmendi, Arsim"]
[Result "1/2-1/2"]
[WhiteElo "2300"]
[BlackElo "2061"]
[PlyCount "55"]
[EventDate "2023.12.06"]
[EventType "swiss"]
[EventRounds "9"]
[EventCountry "MKD"]
[SourceTitle "CB50_2023"]
[SourceDate "2023.12.13"]
[SourceVersion "1"]
[SourceVersionDate "2023.12.13"]
[SourceQuality "1"]

1. e4 c5 2. Nf3 e6 3. d4 cxd4 4. Nxd4 a6 5. Bd3 Qc7 6. Qe2 b5 7. a4 b4 8. 0-0 Bb7 9. c3 Nc6 10. Be3 Nf6 11. f4 Nxd4 12. Bxd4 Bc5 13. Bxc5 Qxc5+ 14. Rf2 a5 15. cxb4 Qxb4 16. Nc3 Rc8 17. e5 Nd5 18. Ne4 Rc6 19. f5 Qd4 20. fxe6 fxe6 21. Qh5+ Kd8 22. Ng5 Rf8 23. Nf7+ Rxf7 24. Qxf7 Qxd3 25. Qxg7 Qd4 26. h3 Rc2 27. Qf8+ Kc7 28. Qd6+ 1/2-1/2

[Event "KOS-chT2"]
[Site "Pristina"]
[Date "2023.05.28"]
[Round "3"]
[White "Kelmendi, Arsim"]
[Black "Zurnaxhiu, Xheladin"]
[Result "1-0"]
[WhiteElo "2050"]
[BlackElo "2048"]
[PlyCount "69"]
[EventDate "2023.05.27"]
[EventType "team-swiss"]
[EventRounds "7"]
[EventCountry "KOS"]
[SourceTitle "CBM 214 Extra"]
[Source "ChessBase"]
[SourceDate "2023.07.31"]
[SourceVersion "1"]
[SourceVersionDate "2023.07.31"]
[SourceQuality "1"]
[WhiteTeam "Peja"]
[BlackTeam "Zhupa"]
[WhiteTeamCountry "KOS"]
[BlackTeamCountry "KOS"]

1. d4 d5 2. Bf4 Nc6 3. e3 Nf6 4. Nf3 a6 5. Bd3 Bg4 6. Nbd2 Nh5 7. Bg3 Nxg3 8. hxg3 e5 9. dxe5 Nxe5 10. Be2 Bd6 11. Nxe5 Bxe2 12. Nxf7 Bxd1 13. Nxd8 Bxc2 14. Nxb7 Be5 15. Rc1 Bg6 16. b3 Kd7 17. Nc5+ Kd6 18. Na4 Bd3 19. Rd1 Bf6 20. Nc4+ Bxc4 21. bxc4 c6 22. cxd5 cxd5 23. Nb6 Bc3+ 24. Ke2 Rab8 25. Nxd5 Rb2+ 26. Kf3 Bd2 27. Nb6 Rxb6 28. Rxd2+ Ke6 29. Rc1 Rf8+ 30. Ke2 Rfb8 31. Rc7 Kf6 32. g4 a5 33. f4 h6 34. Rd5 a4 35. Ra7 1-0

[Event "Skopje op"]
[Site "Skopje"]
[Date "2022.10.25"]
[Round "7"]
[White "Kelmendi, Arsim"]
[Black "Padjen, Zdenko"]
[Result "0-1"]
[WhiteElo "2085"]
[BlackElo "1934"]
[PlyCount "86"]
[EventDate "2022.10.21"]
[EventType "swiss"]
[EventRounds "9"]
[EventCountry "MKD"]
[SourceTitle "EXT 2024"]
[Source "ChessBase"]
[SourceDate "2023.10.10"]
[SourceVersion "1"]
[SourceVersionDate "2023.10.10"]
[SourceQuality "1"]

1. d4 f5 2. c4 Nf6 3. Nc3 g6 4. g3 Bg7 5. Bg2 0-0 6. Nf3 d6 7. 0-0 c6 8. a4 a5 9. d5 e5 10. dxc6 bxc6 11. c5 e4 12. Ng5 d5 13. Bf4 h6 14. Nh3 Na6 15. Bd6 Re8 16. e3 Be6 17. Nf4 Bf7 18. Nfe2 Nd7 19. Nd4 Ndxc5 20. Bxc5 Nxc5 21. Nxc6 Qb6 22. Ne7+ Rxe7 23. Nxd5 Qb7 24. Nxe7+ Qxe7 25. Qc2 Bb3 26. Qe2 Rb8 27. Rfc1 Nd3 28. Rc6 Qe8 29. Ra6 Bc4 30. Rxa5 Rxb2 31. Qd1 Bb3 32. Qf1 Rxf2 33. Qxf2 Nxf2 34. Rb1 Nd3 35. Rxb3 Qc6 36. Rb1 Qc2 37. Rf1 Qd2 38. Ra8+ Kh7 39. a5 Qxe3+ 40. Kh1 Nf2+ 41. Rxf2 Qxf2 42. h4 Qxg3 43. h5 Qe1+ 0-1

[Event "Skopje op"]
[Site "Skopje"]
[Date "2022.10.23"]
[Round "4"]
[White "Dhulipalla, Bala Chandra Prasad"]
[Black "Kelmendi, Arsim"]
[Result "1-0"]
[WhiteElo "2449"]
[BlackElo "2085"]
[PlyCount "73"]
[EventDate "2022.10.21"]
[EventType "swiss"]
[EventRounds "9"]
[EventCountry "MKD"]
[SourceTitle "EXT 2024"]
[Source "ChessBase"]
[SourceDate "2023.10.10"]
[SourceVersion "1"]
[SourceVersionDate "2023.10.10"]
[SourceQuality "1"]

1. d4 d5 2. c4 e6 3. Nf3 Nf6 4. g3 Be7 5. Bg2 0-0 6. Qc2 c6 7. 0-0 Nbd7 8. Nbd2 b6 9. e4 dxe4 10. Nxe4 Nxe4 11. Qxe4 Bb7 12. Rd1 Qc8 13. Qc2 Bf6 14. c5 Rd8 15. Bf4 Nf8 16. Bd6 Ng6 17. Ne5 bxc5 18. Qxc5 a5 19. Rac1 Ra6 20. Nxc6 Rd7 21. Nb8 Raxd6 22. Nxd7 Qxd7 23. Bxb7 Bxd4 24. Qc8+ Qd8 25. Qxd8+ Rxd8 26. Kg2 h5 27. b3 Kh7 28. Rc4 e5 29. Be4 Rd6 30. f4 Rf6 31. Rf1 Rd6 32. fxe5 Bxe5 33. Rxf7 h4 34. Rc6 Rd2+ 35. Kh3 Rd6 36. Rxd6 Bxd6 37. Ra7 1-0

[Event "Skopje op"]
[Site "Skopje"]
[Date "2022.10.22"]
[Round "2"]
[White "Stankovic, Srdjan"]
[Black "Kelmendi, Arsim"]
[Result "0-1"]
[WhiteElo "1383"]
[BlackElo "2085"]
[PlyCount "84"]
[EventDate "2022.10.21"]
[EventType "swiss"]
[EventRounds "9"]
[EventCountry "MKD"]
[SourceTitle "EXT 2024"]
[Source "ChessBase"]
[SourceDate "2023.10.10"]
[SourceVersion "1"]
[SourceVersionDate "2023.10.10"]
[SourceQuality "1"]

1. e4 c5 2. Nf3 e6 3. d3 Nc6 4. g3 g6 5. Bg2 Bg7 6. 0-0 Nge7 7. c3 0-0 8. Nbd2 b6 9. h3 Ba6 10. Nc4 b5 11. Ne3 Qc7 12. Nh4 b4 13. c4 Bb7 14. f4 Bd4 15. Nf3 a5 16. Nxd4 Nxd4 17. Ng4 f5 18. Ne5 d6 19. Nf3 fxe4 20. Nxd4 cxd4 21. Qg4 Qc8 22. Qg5 Rf7 23. Qb5 Nf5 24. dxe4 Bc6 25. Qb6 Ra6 26. Qxa6 Qxa6 27. exf5 gxf5 28. b3 Bxg2 29. Kxg2 Qc6+ 30. Kg1 Qe4 31. Bb2 Qe3+ 32. Kg2 Rg7 33. Rf3 Qe2+ 34. Rf2 Qe4+ 35. Rf3 h5 36. h4 Qe2+ 37. Rf2 Qg4 38. Rf3 e5 39. fxe5 dxe5 40. Raf1 e4 41. Bxd4 exf3+ 42. Rxf3 Qxd4 0-1

[Event "Skopje op"]
[Site "Skopje"]
[Date "2022.10.21"]
[Round "1"]
[White "Kelmendi, Arsim"]
[Black "Davitkova, Jovana"]
[Result "1/2-1/2"]
[WhiteElo "2085"]
[BlackElo "1294"]
[PlyCount "130"]
[EventDate "2022.10.21"]
[EventType "swiss"]
[EventRounds "9"]
[EventCountry "MKD"]
[SourceTitle "EXT 2024"]
[Source "ChessBase"]
[SourceDate "2023.10.10"]
[SourceVersion "1"]
[SourceVersionDate "2023.10.10"]
[SourceQuality "1"]

1. d4 d5 2. Bf4 e6 3. e3 Nf6 4. Nf3 Be7 5. Bd3 h6 6. Nbd2 0-0 7. 0-0 b6 8. Rc1 Bb7 9. c3 Bd6 10. Ne5 Nbd7 11. Ndf3 Qe7 12. h3 Rac8 13. Qa4 a6 14. b4 b5 15. Qd1 Bxe5 16. Bxe5 Nb6 17. Bxf6 Qxf6 18. Ne5 Qe7 19. Qh5 Nd7 20. f4 Nxe5 21. Qxe5 Rfd8 22. f5 Qd6 23. fxe6 Qxe6 24. Qg3 Qd6 25. Qf3 Qe7 26. Qg3 Qd6 27. Qg4 Qe7 28. Rf3 Qg5 29. Qxg5 hxg5 30. a4 Bc6 31. a5 Re8 32. Kf2 Re7 33. Rh1 f6 34. Bf5 Bd7 35. h4 gxh4 36. Rxh4 Bxf5 37. Rxf5 c6 38. Rfh5 Kf7 39. Rh8 Ree8 40. Rxe8 Rxe8 41. Kf3 f5 42. Rf4 Kg6 43. g4 Rf8 44. Kg3 Rf6 45. Kh4 Rf7 46. Kg3 Rf6 47. Kh4 Rf7 48. gxf5+ Rxf5 49. Rg4+ Kf6 50. e4 dxe4 51. Rxe4 Rf3 52. Re8 Rxc3 53. Ra8 Rc4 54. Rxa6 Rxd4+ 55. Kg3 Rxb4 56. Rxc6+ Ke5 57. a6 Ra4 58. Rc5+ Kd6 59. Rxb5 Rxa6 60. Rf5 Ke6 61. Kg4 g6 62. Rf1 Ra5 63. Rf2 Rf5 64. Rxf5 gxf5+ 65. Kf4 Kf6 1/2-1/2

[Event "Pristina Nderkombetar op"]
[Site "Pristina"]
[Date "2022.06.22"]
[Round "8"]
[White "Kelmendi, Arsim"]
[Black "Bokros, Albert"]
[Result "0-1"]
[WhiteElo "2076"]
[BlackElo "2458"]
[PlyCount "86"]
[EventDate "2022.06.17"]
[EventType "swiss"]
[EventRounds "9"]
[EventCountry "KOS"]
[SourceTitle "CBM 209 Extra"]
[Source "ChessBase"]
[SourceDate "2022.09.30"]
[SourceVersion "1"]
[SourceVersionDate "2022.09.30"]
[SourceQuality "1"]

1. Nf3 c5 2. g3 Nc6 3. Bg2 e5 4. d3 d5 5. 0-0 Bd6 6. Nc3 Nge7 7. Bg5 f6 8. Bd2 Be6 9. e4 d4 10. Nb5 Bb8 11. b3 0-0 12. Ne1 a6 13. Na3 b5 14. f4 exf4 15. gxf4 Bd6 16. f5 Bf7 17. Nb1 Qc7 18. h3 c4 19. dxc4 bxc4 20. Bc1 c3 21. Nd3 Ne5 22. Ba3 Rfd8 23. Bxd6 Qxd6 24. Nf4 Rac8 25. Qc1 N7c6 26. Na3 Nb4 27. Rd1 Qc5 28. Kh2 d3 29. Nc4 d2 30. Nxd2 cxd2 31. Rxd2 Nxc2 32. Rb1 Rxd2 33. Qxd2 Nd4 34. Kg3 g5 35. fxg6 hxg6 36. Nd5 Bxd5 37. exd5 Nf5+ 38. Kh2 Ne3 39. d6 Rd8 40. Rc1 Qxd6 41. Qxd6 Rxd6 42. Bb7 Rd2+ 43. Kg3 Nf5+ 0-1

[Event "Pristina Nderkombetar op"]
[Site "Pristina"]
[Date "2022.06.19"]
[Round "4"]
[White "Kelmendi, Arsim"]
[Black "Sadiku, Bedri"]
[Result "1/2-1/2"]
[WhiteElo "2076"]
[BlackElo "2209"]
[PlyCount "64"]
[EventDate "2022.06.17"]
[EventType "swiss"]
[EventRounds "9"]
[EventCountry "KOS"]
[SourceTitle "CBM 209 Extra"]
[Source "ChessBase"]
[SourceDate "2022.09.30"]
[SourceVersion "1"]
[SourceVersionDate "2022.09.30"]
[SourceQuality "1"]

1. d4 Nf6 2. c4 g6 3. Nc3 d5 4. Bf4 c6 5. Nf3 Bg7 6. e3 0-0 7. Bd3 Bg4 8. h3 Bxf3 9. Qxf3 dxc4 10. Bxc4 Nbd7 11. 0-0 Qa5 12. a3 Rae8 13. b4 Qd8 14. Rfd1 Nb6 15. Bb3 Nbd5 16. Nxd5 Nxd5 17. Bxd5 cxd5 18. Rac1 b6 19. Rc2 Qd7 20. Rc7 Qa4 21. Rdc1 e5 22. dxe5 Bxe5 23. Bxe5 Rxe5 24. Qf6 Re6 25. Qb2 a5 26. Ra7 Qb5 27. Rcc7 axb4 28. Qxb4 Qxb4 29. axb4 Re4 30. Rd7 Rxb4 31. Rxd5 Rb2 32. Rd6 Kg7 1/2-1/2

[Event "KOS-ch"]
[Site "Pristina"]
[Date "2020.10.18"]
[Round "4"]
[White "Kelmendi, Arsim"]
[Black "Uruci, Endrit"]
[Result "1-0"]
[WhiteElo "2101"]
[BlackElo "2237"]
[PlyCount "120"]
[EventDate "2020.10.10"]
[EventType "swiss"]
[EventRounds "9"]
[EventCountry "KOS"]
[SourceTitle "EXT 2022"]
[Source "ChessBase"]
[SourceDate "2021.10.06"]
[SourceVersion "1"]
[SourceVersionDate "2021.10.06"]
[SourceQuality "1"]

1. e4 c5 2. Nf3 Nc6 3. Bb5 g6 4. 0-0 Bg7 5. Re1 Nf6 6. Nc3 0-0 7. Bxc6 dxc6 8. d3 Re8 9. a4 e5 10. a5 Qe7 11. Bg5 h6 12. Be3 Ng4 13. h3 Nxe3 14. Rxe3 Be6 15. Nd2 Rad8 16. Qe2 Bf6 17. Nf3 h5 18. b3 Bg7 19. Qf1 Bh6 20. Ree1 Qf6 21. Qe2 g5 22. Nh2 Qg6 23. Na4 Kh7 24. Nxc5 Bc8 25. g4 Bf8 26. b4 hxg4 27. hxg4 b6 28. axb6 axb6 29. Na4 Bxb4 30. Reb1 c5 31. Kg2 Bd7 32. Nb2 Kg7 33. Nc4 b5 34. Ne3 Bc3 35. Ra7 Rh8 36. Qf3 Rh4 37. Rxd7 Rxd7 38. Nf5+ Kg8 39. Nxh4 gxh4 40. Rxb5 c4 41. dxc4 Be1 42. Qf5 Rd2 43. Rb8+ Kh7 44. Qxe5 Rxf2+ 45. Kg1 Rf6 46. g5 Bf2+ 47. Kh1 Bg3 48. Rh8+ Kxh8 49. Qxf6+ Kh7 50. Qf5 Kg7 51. Ng4 Qh5 52. Kg2 Bc7 53. Kh3 Bd8 54. Nf6 Qh8 55. Qe5 Kg6 56. c5 Ba5 57. Qf5+ Kg7 58. c6 Bb6 59. Nd5 Bd4 60. c7 Qa8 1-0

[Event "Pristina op"]
[Site "Pristina"]
[Date "2019.07.02"]
[Round "7"]
[White "Kelmendi, Arsim"]
[Black "Tomic, Aleksandar1111"]
[Result "0-1"]
[WhiteElo "2093"]
[BlackElo "2333"]
[PlyCount "134"]
[EventDate "2019.06.28"]
[EventType "swiss"]
[EventRounds "9"]
[EventCountry "KOS"]
[SourceTitle "CBM 191 Extra"]
[Source "ChessBase"]
[SourceDate "2019.09.30"]
[SourceVersion "1"]
[SourceVersionDate "2019.09.30"]
[SourceQuality "1"]

1. Nf3 Nf6 2. d4 e6 3. c4 Bb4+ 4. Nc3 d6 5. a3 Bxc3+ 6. bxc3 0-0 7. Qc2 Qe7 8. e4 e5 9. Bd3 Nc6 10. d5 Na5 11. Bg5 h6 12. Bh4 b6 13. 0-0 Ba6 14. Qe2 c6 15. Nd2 g5 16. Bg3 Nd7 17. h4 Nc5 18. hxg5 hxg5 19. Bc2 f6 20. dxc6 Qe6 21. Qh5 Kg7 22. Qd1 Rh8 23. f3 Rac8 24. Bf2 Rxc6 25. Be3 Nxc4 26. Nxc4 Bxc4 27. Re1 Nb7 28. Kf2 Na5 29. Rh1 Rcc8 30. Qd2 Rxh1 31. Rxh1 Rh8 32. Rd1 Nb7 33. Ba4 Bb3 34. Bxb3 Qxb3 35. Bxg5 Qxa3 36. Be3 Qa5 37. Rc1 Kg6 38. Qd1 Qa2+ 39. Qe2 Qxe2+ 40. Kxe2 Na5 41. Ra1 Kf7 42. Kd3 Ke6 43. g4 Rh3 44. Ke2 Kd7 45. g5 fxg5 46. Bxg5 Rh2+ 47. Kd3 Rf2 48. Ke3 Rg2 49. Bh6 Nc4+ 50. Kd3 Nb2+ 51. Ke3 a5 52. f4 Rg3+ 53. Kd2 Nc4+ 54. Kc2 exf4 55. Bxf4 Rf3 56. Bh6 b5 57. Re1 Rf2+ 58. Kb1 a4 59. Bc1 Kc6 60. Rh1 Re2 61. Rh4 a3 62. Rh1 Kb6 63. Rh6 Ka5 64. Rh8 a2+ 65. Ka1 Re1 66. Ra8+ Kb6 67. Rb8+ Kc6 0-1

[Event "KOS-chT"]
[Site "Pristina"]
[Date "2018.05.13"]
[Round "7.4"]
[White "Zenuni, Bashkim"]
[Black "Kelmendi, Arsim"]
[Result "1-0"]
[WhiteElo "2073"]
[BlackElo "2119"]
[PlyCount "57"]
[EventDate "2018.05.07"]
[EventType "team-tourn"]
[EventRounds "7"]
[EventCountry "KOS"]
[SourceTitle "EXT 2019"]
[Source "ChessBase"]
[SourceDate "2018.10.10"]
[SourceVersion "1"]
[SourceVersionDate "2018.10.10"]
[SourceQuality "1"]
[WhiteTeam "Theranda"]
[BlackTeam "Drenasi"]
[WhiteTeamCountry "KOS"]
[BlackTeamCountry "KOS"]

1. e4 c5 2. Nf3 e6 3. d4 cxd4 4. Nxd4 a6 5. Nc3 Qc7 6. a3 Nf6 7. Bg5 Bc5 8. Be2 Nc6 9. Nb3 Ba7 10. Qd2 Qe5 11. f4 Qc7 12. e5 Ng8 13. Ne4 Nge7 14. Nd6+ Kf8 15. Bf3 h6 16. Bh4 Qb6 17. Nc4 Qc7 18. 0-0-0 Nf5 19. Bf2 Bxf2 20. Qxf2 Ncd4 21. Rxd4 Nxd4 22. Qxd4 Rb8 23. Nb6 g5 24. g3 Rg8 25. Nc5 Ke7 26. Ne4 g4 27. Bg2 Qc6 28. Rg1 Qc7 29. Nf6 1-0

[Event "KOS-chT"]
[Site "Pristina"]
[Date "2018.05.07"]
[Round "1.4"]
[White "Saraci, Nderim"]
[Black "Kelmendi, Arsim"]
[Result "1-0"]
[WhiteElo "2408"]
[BlackElo "2119"]
[PlyCount "67"]
[EventDate "2018.05.07"]
[EventType "team-tourn"]
[EventRounds "7"]
[EventCountry "KOS"]
[SourceTitle "EXT 2019"]
[Source "ChessBase"]
[SourceDate "2018.10.10"]
[SourceVersion "1"]
[SourceVersionDate "2018.10.10"]
[SourceQuality "1"]
[WhiteTeam "Drejtesia"]
[BlackTeam "Drenasi"]
[WhiteTeamCountry "KOS"]
[BlackTeamCountry "KOS"]

1. c4 Nf6 2. Nc3 e6 3. d4 d5 4. Bg5 Be7 5. e3 0-0 6. Nf3 h6 7. Bh4 c6 8. Qc2 Nbd7 9. Bd3 dxc4 10. Bxc4 Nd5 11. Bg3 N7b6 12. Bb3 a5 13. a3 Nxc3 14. Qxc3 Bd6 15. Ne5 Bxe5 16. Bxe5 Nd5 17. Qd2 a4 18. Ba2 Qa5 19. e4 Ne7 20. Bd6 Qxd2+ 21. Kxd2 Re8 22. Ke3 Bd7 23. Rac1 g5 24. h4 g4 25. h5 Kh7 26. f3 gxf3 27. Rhf1 Nc8 28. Be5 Rg8 29. Rxf3 Be8 30. Rcf1 f6 31. Rxf6 Bxh5 32. Rh1 Bg6 33. Rxe6 Nb6 34. Bc7 1-0

[Event "KOS Cup"]
[Site "Pristina"]
[Date "2018.02.24"]
[Round "1.3"]
[White "Kelmendi, Arsim"]
[Black "Zeka, Isa"]
[Result "1-0"]
[WhiteElo "2115"]
[BlackElo "1879"]
[PlyCount "77"]
[EventDate "2018.02.24"]
[EventType "k.o."]
[EventRounds "5"]
[EventCountry "KOS"]
[SourceTitle "EXT 2019"]
[Source "ChessBase"]
[SourceDate "2018.10.10"]
[SourceVersion "1"]
[SourceVersionDate "2018.10.10"]
[SourceQuality "1"]

1. e4 c5 2. Nf3 Nc6 3. Bb5 Nd4 4. Nxd4 cxd4 5. 0-0 g6 6. d3 Bg7 7. Na3 a6 8. Bc4 e6 9. Bf4 d6 10. Bg3 Ne7 11. f4 0-0 12. Bb3 b5 13. Nb1 Bb7 14. Nd2 Kh8 15. Bh4 Qd7 16. Qe2 f6 17. a4 d5 18. axb5 axb5 19. h3 dxe4 20. Rxa8 Bxa8 21. Nxe4 Qc6 22. Ra1 Nf5 23. Bf2 e5 24. fxe5 fxe5 25. Be1 h6 26. Bb4 Rd8 27. Ra7 Ne3 28. Qf3 Rd7 29. Rxd7 Qxd7 30. Bd2 Nd5 31. Nf6 Nxf6 32. Qxa8+ Kh7 33. Be1 Qf5 34. Bh4 g5 35. Bg3 e4 36. dxe4 Nxe4 37. Bg8+ Kg6 38. Qe8+ Kf6 39. Qf7# 1-0

[Event "Skopje U2200 op"]
[Site "Skopje"]
[Date "2017.12.10"]
[Round "6"]
[White "Kelmendi, Arsim"]
[Black "Trajkovski, Mile"]
[Result "1-0"]
[WhiteElo "2097"]
[BlackElo "2196"]
[PlyCount "42"]
[EventDate "2017.12.07"]
[EventType "swiss"]
[EventRounds "7"]
[EventCountry "MKD"]
[SourceTitle "CBM 182 Extra"]
[Source "ChessBase"]
[SourceDate "2018.02.23"]
[SourceVersion "1"]
[SourceVersionDate "2018.02.23"]
[SourceQuality "1"]

1. e4 e5 2. Nf3 Nc6 3. d4 exd4 4. Nxd4 Qh4 5. Qd3 Nf6 6. Nxc6 dxc6 7. Nc3 Ng4 8. Qg3 Qxg3 9. hxg3 Bc5 10. f3 Bf2+ 11. Ke2 Bxg3 12. fxg4 Bxg4+ 13. Ke3 f5 14. Ne2 Bd6 15. Nd4 f4+ 16. Kf2 0-0-0 17. Be2 Bd7 18. c3 g5 19. b4 g4 20. Nf5 Bxf5 21. exf5 h5 1-0

[Event "Skopje U2200 op"]
[Site "Skopje"]
[Date "2017.12.10"]
[Round "7"]
[White "Zivic, Dragan"]
[Black "Kelmendi, Arsim"]
[Result "1-0"]
[WhiteElo "2184"]
[BlackElo "2097"]
[PlyCount "44"]
[EventDate "2017.12.07"]
[EventType "swiss"]
[EventRounds "7"]
[EventCountry "MKD"]
[SourceTitle "CBM 182 Extra"]
[Source "ChessBase"]
[SourceDate "2018.02.23"]
[SourceVersion "1"]
[SourceVersionDate "2018.02.23"]
[SourceQuality "1"]

1. e4 c5 2. g3 g6 3. Bg2 Bg7 4. f4 Nc6 5. Nf3 d6 6. d3 Bg4 7. c3 b5 8. h3 Bd7 9. 0-0 Rb8 10. Be3 Nf6 11. g4 Qc8 12. Nbd2 b4 13. c4 Bxg4 14. hxg4 Nxg4 15. Qe2 Nxe3 16. Qxe3 Bxb2 17. Rab1 Bc3 18. e5 dxe5 19. Qxc5 exf4 20. Ne4 Nd4 21. Qxc8+ Rxc8 22. Nxc3 Nxf3+ 1-0

[Event "Skopje U2200 op"]
[Site "Skopje"]
[Date "2017.12.09"]
[Round "5"]
[White "Jovic, Stevan"]
[Black "Kelmendi, Arsim"]
[Result "1/2-1/2"]
[WhiteElo "2171"]
[BlackElo "2097"]
[PlyCount "41"]
[EventDate "2017.12.07"]
[EventType "swiss"]
[EventRounds "7"]
[EventCountry "MKD"]
[SourceTitle "CBM 182 Extra"]
[Source "ChessBase"]
[SourceDate "2018.02.23"]
[SourceVersion "1"]
[SourceVersionDate "2018.02.23"]
[SourceQuality "1"]

1. d4 d5 2. Nf3 Nf6 3. e3 e6 4. c4 dxc4 5. Bxc4 Be7 6. Nc3 a6 7. e4 b5 8. Bd3 Bb7 9. 0-0 b4 10. e5 bxc3 11. exf6 Bxf6 12. bxc3 0-0 13. Ba3 Re8 14. Bxh7+ Kxh7 15. Qb1+ g6 16. Qxb7 Nd7 17. Qe4 Nb6 18. Bc1 Kg7 19. Be3 Rh8 20. Rac1 Nc4 21. Ne5 1/2-1/2

[Event "Skopje U2200 op"]
[Site "Skopje"]
[Date "2017.12.08"]
[Round "2"]
[White "Kelmendi, Arsim"]
[Black "Veljanoski, Andrej"]
[Result "1-0"]
[WhiteElo "2097"]
[BlackElo "1823"]
[PlyCount "43"]
[EventDate "2017.12.07"]
[EventType "swiss"]
[EventRounds "7"]
[EventCountry "MKD"]
[SourceTitle "CBM 182 Extra"]
[Source "ChessBase"]
[SourceDate "2018.02.23"]
[SourceVersion "1"]
[SourceVersionDate "2018.02.23"]
[SourceQuality "1"]

1. d4 d5 2. Bf4 Nf6 3. e3 Bf5 4. c4 c6 5. Nc3 e6 6. Bd3 Bxd3 7. Qxd3 Bd6 8. Bxd6 Qxd6 9. c5 Qc7 10. Nf3 Nbd7 11. 0-0 0-0 12. b4 e5 13. dxe5 Nxe5 14. Nxe5 Qxe5 15. h3 Rfd8 16. Ne2 g6 17. Nd4 Nd7 18. a4 a5 19. Qd2 Qc7 20. Rfb1 b6 21. cxb6 Nxb6 22. b5 1-0

[Event "Kosovo Club Cup"]
[Site "Pristina"]
[Date "2016.12.24"]
[Round "7.2"]
[White "Budima, Armend"]
[Black "Kelmendi, Arsim"]
[Result "1-0"]
[WhiteElo "2191"]
[BlackElo "2146"]
[PlyCount "97"]
[EventDate "2016.11.06"]
[EventType "team-tourn"]
[EventRounds "7"]
[EventCountry "KOS"]
[SourceTitle "EXT 2018"]
[Source "ChessBase"]
[SourceDate "2017.10.13"]
[SourceVersion "1"]
[SourceVersionDate "2017.10.13"]
[SourceQuality "1"]
[WhiteTeam "Dardania"]
[BlackTeam "Drenasi"]
[WhiteTeamCountry "KOS"]
[BlackTeamCountry "KOS"]

1. e4 d6 2. d4 g6 3. Nc3 Bg7 4. f4 Nf6 5. Nf3 c6 6. Bd3 Bg4 7. h3 Bxf3 8. Qxf3 Qb6 9. e5 Nfd7 10. exd6 e6 11. Ne2 Bxd4 12. Nxd4 Qxd4 13. Be3 Qb4+ 14. Bd2 Qxb2 15. 0-0 Qd4+ 16. Be3 Qxd6 17. Rab1 b6 18. Rfd1 Qc7 19. Bd4 0-0 20. Ba1 Nc5 21. Be5 Qe7 22. Bb5 Nb7 23. Be2 Nd7 24. Ba1 Na5 25. Kh1 Nc5 26. Qc3 f6 27. Bf3 Rad8 28. g4 Rd6 29. g5 Rxd1+ 30. Rxd1 Rd8 31. gxf6 Rxd1+ 32. Bxd1 Qd6 33. f7+ Kxf7 34. Qf6+ Ke8 35. Bg4 Kd7 36. Be5 Qe7 37. Qh8 Nc4 38. Bf6 Qe8 39. Qxh7+ Kd6 40. Qxa7 Ne4 41. Bh4 Qh8 42. Qe7+ Kd5 43. Bxe6+ Kd4 44. Bxc4 g5 45. Bd3 Ng3+ 46. Bxg3 Qxh3+ 47. Bh2 Qf3+ 48. Kg1 gxf4 49. Qb4+ 1-0